The Restoration of dialogue : readings in the philosophy of clinical psychology
Αποθηκεύτηκε σε:
| Άλλοι συγγραφείς: | |
|---|---|
| Μορφή: | Βιβλίο |
| Γλώσσα: | English |
| Δημοσίευση: |
Washington, DC :
American Psychological Association,
c1992
|
| Έκδοση: | 1st ed |
| Θέματα: | |
| Ετικέτες: |
Προσθήκη ετικέτας
Δεν υπάρχουν, Καταχωρήστε ετικέτα πρώτοι!
|
MARC
| LEADER | 00000nam a2200000 i 4500 | ||
|---|---|---|---|
| 001 | 1/87345 | ||
| 008 | 981110s1992 eng d | ||
| 020 | |a 1-55798-157-4 | ||
| 035 | |l 10035216 | ||
| 035 | |a 1993 |b 2 |c Πολεμικός | ||
| 040 | |a GR-MY-UA |b gre |e aacr | ||
| 041 | 0 | |a eng | |
| 082 | 0 | |a 150.1 |2 (20) | |
| 245 | 1 | 4 | |a The Restoration of dialogue : |b readings in the philosophy of clinical psychology / |c edited by Ronald B. Miller |
| 250 | |a 1st ed | ||
| 260 | |a Washington, DC : |b American Psychological Association, |c c1992 | ||
| 300 | |a xx, 654 p.; |c 26 cm | ||
| 504 | |a Περιέχει βιβλιογραφικές παραπομπές και ευρετήριο | ||
| 650 | 0 | 0 | |a Psychology and philosophy. |
| 650 | 0 | 0 | |a Psychology |x Philosophy. |
| 650 | 0 | 0 | |a Clinical health psychology |x Philosophy. |
| 700 | 1 | |a Miller, Ronald B. |d 1948- |4 edt | |
| 852 | |a INST |b RHODES |e 19981110 |h 150.1 RES |p 005400009447 |q 005400009447 |t BK |y 0 | ||
| 909 | |a Ρ |b 023765 |c 1993 | ||